Countries of Hollywood Actors or Actresses - Statistics

General Stats
  • This quiz has been taken 279 times
  • The average score is 13 of 18
Answer Stats
Actor or Actress Country % Correct
Li Gong China
94%
Salma Hayek Mexico
83%
Ryan Gosling Canada
82%
Judi Dench United Kingdom
79%
Marlene Dietrich Germany
78%
Javier Bardem Spain
76%
Ingrid Bergman Sweden
76%
Charlize Theron South Africa
75%
Sophia Loren Italy
73%
Margot Robbie Australia
72%
Russell Crowe New Zealand
72%
Marion Catillard France
71%
Ken Watanabe Japan
69%
Mads Mikkelsen Denmark
67%
Colin Farrell Ireland
67%
Lee Byung-hun South Korea
65%
Oman Sharif Egypt
62%
Christoph Waltz Austria
59%
No matching quizzes found
Score Distribution
Percent of People with Each Score
Percentile by Number Answered
Your Score History
You have not taken this quiz